00618 2200277 4500001002100000008004100021035002000062245004100082100001500123250000600138260003000144300001100174084001400185082000800199650001300207990001200220990001200232990001200244990001200256990001200268990001200280990001200292990001200304990001200316990001200328INLIS000000000000684 ind  a0010-0424000660 aMenyusun PTK Itu GampangcAmeliasari aAmeliasari a1 aJakarta :bErlanggac2013 a96 hlm a607 AME m a607 aNonfiksi a0721792 a0721793 a0721794 a0721795 a0721796 a0721797 a0721798 a0721799 a0721800 a0721801